| 000 | 00892nmc a2200349 a 4500 | ||
|---|---|---|---|
| 003 | AR-BaBNM | ||
| 005 | 20251128205250.0 | ||
| 008 | 057019s1996 ||||||||||||||000 | spa|| | ||
| 020 | _a950-23-0634-5 | ||
| 040 | _cAR-BaBNM | ||
| 100 | 1 | _aPinto, Julio | |
| 245 | 1 | 0 |
_aMax Weber, actual _bLiberalismo ético y democracia |
| 250 | _a1ª ed. | ||
| 260 |
_aBuenos Aires _bEudeba _c1996 |
||
| 300 | _a206 p. | ||
| 490 | 0 | _aTemas | |
| 600 | 1 | 4 | _aWeber, Max |
| 600 | 1 | 4 | _aMarx, Karl |
| 600 | 1 | 4 | _aNietzsche, Friedrich |
| 650 | 4 | _aFEUDALISMO | |
| 650 | 4 | _aDEMOCRACIA | |
| 650 | 4 | _aREFORMA | |
| 650 | 4 | _aSISTEMAS POLITICOS | |
| 650 | 4 | _aECONOMISTAS | |
| 650 | 4 | _aHISTORIA ECONOMICA | |
| 650 | 4 | _aECONOMIA LIBRE | |
| 650 | 4 | _aPODER ECONOMICO | |
| 653 | _aECONOMIA POLITICA | ||
| 810 | 2 |
_aEditorial Universitaria de Buenos Aires _9EUDEBA |
|
| 942 | _cBK | ||
| 998 | _cmariana | ||
| 999 |
_c10655 _d10655 |
||